Re-education ; an analysis of the institutional system of the United States /

Bibliographic Details
Main Author: Barton, George Edward
Format: Book
Language:English
Published: Boston New York : Houghton Mifflin company, 1917.
Subjects:

MARC

Tag First Indicator Second Indicator Subfields
LEADER 00000cam a2200000 4500
001 in00000072112
005 20151008052425.0
008 751124s1917 mau 00000 eng u
010 |a  17031277  
035 |a (OCoLC)01850251 
035 |9 AAH3268AM 
040 |c TLM  |d TXA  |d UtOrBLW 
049 |a TXAM  |c [11368] 
050 0 0 |a HV95  |b .B3 
092 |a 361  |b B29 
100 1 |a Barton, George Edward. 
245 1 0 |a Re-education ;  |b an analysis of the institutional system of the United States /  |c by George Edward Barton ... 
264 1 |a Boston  |a New York :  |b Houghton Mifflin company,  |c 1917. 
300 |a xiii, 118 pages ;  |c 20 cm. 
336 |a text  |b txt  |2 rdacontent 
337 |a unmediated  |b n  |2 rdamedia 
338 |a volume  |b nc  |2 rdacarrier 
650 0 |a Charities  |z United States. 
650 0 |a Criminals  |z United States. 
650 0 |a Social problems. 
999 |a MARS 
999 f f |s ee494fb6-f2be-3bc4-b633-60860744ada3  |i 6d0f9b19-4bb1-344a-921e-93ee93448dce  |t 0 
952 f f |p ric  |a Texas A&M University  |b Rellis Campus  |c Joint Library Facility  |d Remote Storage  |t 0  |e HV95 .B3  |h Library of Congress classification  |i unmediated -- volume  |m A14800808439 
998 f f |a HV95 .B3  |t 0  |l Remote Storage